000 00550nam a2200193Ia 4500
003 GCL
008 140319s9999 xx 000 0 ara d
040 _aGCL /
_cGCL
082 0 4 _a272.75
_bاش
100 1 _aابراهيم السعيد
245 1 0 _aشرح رسالة افسس /
_cابراهيم السعيد
260 _a[S.N] :
_bدار الثقافة العربية ،
_c1983
300 _a469 ص
490 _a
650 0 4 _aالعهد الجديد
650 0 4 _aالكتاب المقدس
650 0 4 _aالرسائل
942 _2ddc
_cBK
999 _c53282
_d53282